| 000 | 00649 a2200193 4500 | ||
|---|---|---|---|
| 010 | _aENG-89957 | ||
| 020 |
_a8189944155 _c200.00 |
||
| 035 | _aEN-73490 | ||
| 037 | _bDBAD / PUB | ||
| 082 | 1 | 4 | _a530.078 |
| 090 |
_c12057 _d12057 |
||
| 100 | 1 | _aAggarwal, R.P. | |
| 245 | 1 |
_aProject in physics / _cby R.P. Aggarwal |
|
| 260 |
_aNew Delhi _bIndia Books Company _c2007 |
||
| 270 |
_aWZ-77/B-9, II Floor, Shoe Market, School Road, Uttam Nagar, _bNew Delhi _e110 059 |
||
| 300 |
_a144p.: _c22 cm (Hb) _bill. |
||
| 942 |
_adpl _cEN _k 530.078 / AGG |
||
| 999 |
_c11703 _d11703 |
||